|
|
|
|
| LEADER |
00788nam a22001817a 4500 |
| 082 |
|
|
|a 894.M09
|b RAM/N P6
|
| 100 |
|
|
|a പെരിയാര് ഇ വി രാമസ്വാമി
|9 121898
|
| 100 |
|
|
|a Periyar E V Ramaswami
|9 121899
|
| 240 |
|
|
|a Njan Enthukondu Hindhuvalla
|
| 245 |
|
|
|a ഞാന് എന്തുകൊണ്ട് ഹിന്ദുവല്ല
|
| 250 |
|
|
|a 1st
|
| 260 |
|
|
|a TVM;
|b Mythri Books;
|c 2006
|
| 300 |
|
|
|a 98p.
|
| 650 |
|
|
|a മലയാളം; സാഹിത്യ നിരൂപണം
|9 295332
|
| 650 |
|
|
|a Malayalam; Literary Criticism
|9 295333
|
| 942 |
|
|
|c BK
|
| 999 |
|
|
|c 72455
|d 72455
|
| 952 |
|
|
|0 0
|1 0
|4 0
|6 894_000000000000000_M09_RAM_N_P6
|7 0
|8 LITC
|9 85543
|a MAL
|b MAL
|d 2017-01-12
|e 48607
|g 50.00
|l 0
|o 894.M09 RAM/N P6
|p MAL048607
|r 2017-01-12
|t 1
|w 2017-01-12
|y BK
|